书目信息 |
| 书名: | Thomas Paine reader | |
| 作者: | edited by Michael Foot and Isaac Kramnick. | |
| 分册号: | ||
| 分册名: | 出版地: | Harmondsworth, Middlesex : |
|
| 出版社: | Penguin Books | |
| 出版时间: | 1987. | |
| 页数: | 536 p. ; | |
| 开本: | 20 cm. | |
| 丛书名: | ||
| 中图分类号: | ||
| 科图分类号: | ||
| 其他分类号: | D771.209 | |
| 主题词: | ||
| 电子资源: | ||
| 000 | 00789nam 2200253Ia 4504 | |
| 001 | E0732536302 | |
| 005 | 20070208090243.23 | |
| 008 | 030422s1987 enk b 00010 eng d | |
| 020 | @a0140444963. | |
| 040 | @aRCE@cRCE | |
| 090 | @aK723/W1 | |
| 090 | @aD771.209 | |
| 099 | @dD771.209@ex1 | |
| 100 | 1 | @aPaine, Thomas,@d1737-1809. |
| 240 | 10 | @aSelections. |
| 245 | 10 | @aThomas Paine reader / @cedited by Michael Foot and Isaac Kramnick. |
| 260 | 0 | @aHarmondsworth, Middlesex :@bPenguin Books ;@aNew York :@bViking Penguin,@c1987. |
| 300 | @a536 p. ;@c20 cm. | |
| 490 | 0 | @aPenguin classics. |
| 504 | @aIncludes bibliographical references. | |
| 650 | 0 | @aPolitical science. |
| 700 | 10 | @aFoot, Michael,@d1913- |
| 700 | 10 | @aKramnick, Isaac. |
| 920 | @a232010@z2 | |
| Thomas Paine reader / / edited by Michael Foot and Isaac Kramnick.-Harmondsworth, Middlesex : : Penguin Books ; ; New York : : Viking Penguin, , 1987. |
| 536 p. ; ; 20 cm.- (Penguin classics. ) |
| Includes bibliographical references. |
| ISBN 0140444963. |
| ● |
| 相关链接 |
|
|
|
|
正题名:Thomas Paine reader
索取号:D771.209/x1
 
预约/预借
| 序号 | 登录号 | 条形码 | 馆藏地/架位号 | 状态 | 备注 |
| 1 | 184166 | 001169817 | 第四借阅区/ [索取号:D771.209/x1] | 在馆 | |
| 2 | 184167 | 001169862 | 第二样本阅览室/ [索取号:D771.209/x1] | 在馆 |